Marvel Movies by Main Actors - Statistics

General Stats
  • This quiz has been taken 238 times
  • The average score is 12 of 13
Answer Stats
Hint Answer % Correct
Tom Hiddleston, Chris Hemsworth Thor
100%
Robert Downey Jr, Gwyneth Paltrow Iron Man
97%
Paul Rudd, Evangeline Lilly Ant Man
95%
Chadwick Boseman, Michael B. Jordan Black Panther
95%
Chris Evans, Sebastian Stan Captain America
95%
Benedict Cumberbatch, Tilda Swinton Doctor Strange
95%
Chris Pratt, Zoe Saldana Guardians of the Galaxy
94%
Brie Larson, Samuel L. Jackson Captain Marvel
92%
Tom Holland, Zendaya Spider-Man Homecoming
91%
Tom Holland, Jake Gyllenhaal Spider-Man Far From Home
88%
Chris Hemsworth, Mark Ruffalo Thor Ragnarok
85%
Ryan Reynolds, Josh Brolin Deadpool 2
74%
Chris Pratt, Kurt Russell Guardians of the galaxy 2
61%
No matching quizzes found
Score Distribution
Percent of People with Each Score
Percentile by Number Answered
Your Score History
You have not taken this quiz